LDR 00998naa#a2200181#i#450# 001 RU\\bibl\126619 005 20260630070922.2 011 ## _a2587-6740 100 ## _a20260615b2026####ek#y0rusy0150####ca 102 ## _aRU 200 1# _aИнтеграция цифровых пространственных данных в геоэкологический мониторинг городской среды мегаполиса (на примере города Москвы) _eЖурнальная статья 210 1# _aМосква _cЭлектронная наука _d2026 215 ## _a4 с. 608 ## _aЖурнальная статья _2local 675 ## _aОхрана окружающей среды. Управление качеством окружающей среды .. 504.06 _aКартография (текстовые материалы). 528.9 _z 700 #1 _aАкаев _gАлан Садуртинович 700 #1 _aВершинин _gВалентин Валентинович 856 4# _amshj.ru _u